| 000 | 00666nam a22001817a 4500 | ||
|---|---|---|---|
| 005 | 20251108173703.0 | ||
| 008 | 250721s2008 xx 000 0 ara d | ||
| 082 | 1 | 4 | _a371.33/غبا |
| 100 | 1 | _aغباين، عمر محمود | |
| 245 | 1 | 0 | _aالكيمياء الاستعراضية : عروض عملية لتبسيط تعلم الكيمياء باستخدام العرض المشوق و المثير للإهتمام / |
| 264 | 1 |
_aعمان : _bإثراء للنشر و التوزيع، _c2008. |
|
| 300 | _a352 ص. | ||
| 650 | 1 | 7 | _aأساليب التدريس |
| 650 | 1 | 7 | _aالكيمياء |
| 650 | 1 | 7 | _aالتجارب |
| 942 |
_2ddc _cBK |
||
| 999 |
_c109978 _d109978 |
||